00805pam a2200253 a 450000100040000000500170000400800410002102000250006202000150008704000230010205000250012508200140015010000320016424500460019626000350024230000250027750500060030252001240030852100180043252100180045065000230046865000280049165000320051955320230616114430.0870202s1988 nyu j 000 1 eng  a0590413635 :c$10.95 a0590410016 aDLCcDLCdDLCbeng00aPZ7.W696514bOh 198800a[Fic]2191 aWilson, Johnniece Marshall.10aOh, brother /cJohnniece Marshall Wilson. aNew York :bScholastic,c1988. a121 pages. ;c22 cm. aK aAlex's older brother bullies him, taking his bicycle and his money, until Alex discovers a way to stand up for himself. a620 bLexile aK bRaz-Plus 1aBrothersvFiction. 1aAssertivenessvFiction. 1aAfrican AmericansvFiction.